Words That Begin with a Trig. Function Quiz Stats

 Plays Quiz Updated Jun 5, 2015

Also try: Begins with 'TRI'
Challenge
Share
Tweet
Embed
Score 0/30 Timer 05:00
5 Plays Today
% Correct
Sins
97.3%
Costa
95%
Single
93.2%
Costume
92.9%
Second
92.1%
Tango
90.4%
Sect
89.6%
Singe
89.4%
Tangerine
88.9%
Cottage
86.8%
Côte
85.4%
Tank
83.9%
Tangible
76.8%
Cosmos
65.9%
Cotton
65%
% Correct
Sincerely
61.8%
Tangled
60.6%
Seclude
59.9%
Secretary
57.3%
Cosecant
49.2%
Sinister
47.6%
Cotillion
36.8%
Cosh
32.6%
Sinkage
17.9%
Cosponsor
10.1%
Tanuki
9%
Cotán
8.4%
Secretin
6.5%
Secco
6.4%
Cotopaxi
4.8%

You're not logged in!

Compare scores with friends on all Sporcle quizzes.
Join for Free
OR
Log In

You Might Also Like...

Show Comments

Extras

Top Quizzes Today


Score Distribution

Your Account Isn't Verified!

In order to create a playlist on Sporcle, you need to verify the email address you used during registration. Go to your Sporcle Settings to finish the process.

Report this User

Report this user for behavior that violates our Community Guidelines.

Details: